| 000 | 01059nac a22002411u 4500 | ||
|---|---|---|---|
| 010 | _a 97022476 | ||
| 020 | _a0824799488 (hardcover : acid-free paper) | ||
| 082 | 0 | 0 |
_a621.382201176 _bK1953 |
| 090 |
_c4016 _d4016 |
||
| 100 | _a20080729 | ||
| 245 | 0 | 0 |
_aStatistical methods in control and signal processing / _cedited by Tohru Katayama, Sueo Sugimoto. |
| 260 |
_aNew York : _bM. Dekker,1997 _c1997. |
||
| 300 |
_axiii, 553 p. : _bill. ; _c24 cm. |
||
| 440 | 0 |
_aElectrical engineering and electronics ; _v103 |
|
| 504 | _aIncludes bibliographical references and index. | ||
| 650 | 0 |
_aReal-time control _xStatistical methods. |
|
| 650 | 0 |
_aSignal processing _xStatistical methods. |
|
| 700 | 1 |
_aKatayama, Tohru, _d1942- |
|
| 700 | 1 |
_aSugimoto, Sueo, _d1946- |
|
| 856 | 4 | 2 |
_3Publisher description _uhttp://www.loc.gov/catdir/enhancements/fy0647/97022476-d.html |
| 942 |
_cBB _k621.38220117K19536 |
||
| 999 |
_c4016 _d4016 |
||